| 000 | 00956nac a22002771u 4500 | ||
|---|---|---|---|
| 010 | _a 74091746 | ||
| 082 | 0 | 0 |
_a973.0222 _bALB |
| 090 |
_c9991 _d9991 |
||
| 100 | _a20080729 | ||
| 245 | 0 | 0 |
_aAlbum of American history : _cJames Truslow Adams, editor in chief. |
| 260 |
_aNew York : _bCharles Scribner's Sons,1969. _c[1969- |
||
| 300 |
_av. _billus. _c29 cm. |
||
| 500 | _aDonations - AUC. | ||
| 500 | _aDonations. | ||
| 505 | 1 | _aIssues: V. 1. Colonial period,2. 1783-1853,3. 1853-1893,4. 1893-1917 (1969). | |
| 505 | 1 | _aIssues: V. 5 17-1953 (1960). | |
| 511 | _aCatalogued by: Sara. | ||
| 650 |
_xHistory _zUnited States |
||
| 651 | 0 |
_aUnited States _xHistory _xPictorial works. |
|
| 700 | 1 |
_aAdams, James Truslow, _d1878-1949, |
|
| 700 | 1 | _aHopkins, Joseph G. E., | |
| 942 |
_cNB _k973.0222ALB _hRDA-MOD |
||
| 999 |
_c9991 _d9991 |
||
| 336 |
_2rdacontent _atext _btxt |
||
| 337 |
_aunmediated _2rdamedia _bn |
||
| 338 |
_avolume _bnc _2rdacarrier |
||